000 00531 a2200157 4500
005 20260328111353.0
008 260317b |||||||| |||| 00| 0 eng d
020 _a9789364877022
080 _a92(SAJ)=M
_bSAJ/V
100 _aSajitha Madathil
245 _aVellivelichavum veyilnalangalum(വെള്ളിവെളിച്ചവും വെയിൽനാളങ്ങളും)
260 _bD C books.
_aKottayam.
_c2025.
300 _a224p.
653 _a Autobiography-Sajitha Madathil-Malayalam Literature
942 _cBK
999 _c115354
_d115353